000
00305nam a22001337a 4500
020
_a
0-408-704756
082
_a
624 CIV'B
100
_a
BLAKE, L.S
_9
25139
245
_a
CIVIL ENGINEERS REFERENCE HANDBOOK
250
_a
3RD
260
_a
LONDON
_b
BUTTERWORTH
_c
1975
300
_a
XIV, 44-22
942
_c
BK
999
_c
574283
_d
574283